[Event "Stay Safe Play From Home 309"]
[Site "Emanuel Lasker Arena"]
[Date "2020.07.16"]
[Round "4"]
[White "Greblha"]
[Black "Buzaglo"]
[Result "1-0"]
[WhiteElo "2011"]
[BlackElo "1825"]
[Annotator "TA"]
[PlyCount "153"]
[EventDate "2020.07.16"]
[EventType "swiss (blitz)"]

{[%evp 20,152,34,19,28,18,16,21,26,2,20,16,26,4,8,0,0,0,27,0,0,-87,42,42,33,35,33,48,33,11,31,37,33,33,40,27,135,134,137,124,127,75,86,79,86,79,117,58,70,8,8,8,8,8,222,222,315,312,1043,760,766,737,5581,836,774,764,880,864,1082,975,1387,1344,1295,1170,1691,1619,1682,2075,1843,1853,29970,29969,29977,29978,29985,29986,29987,29988,29988,29989,29990,29990,29990,29990,29992,29993,29993,29993,29993,29994,29994,29992,29992,29993,29994,29995,29997,29996,29996,29995,29995,29996,29996,29994,29994,29995,29995,29995,29995,29996,29996,29997,29998,29997,29997,29998,29998,29998,29998,29999,29999,29998,29998,29999,29999]} 1. e4 e5 2. Nf3 d6 3. d4 exd4 4. Nxd4 Nf6 5. Nc3 Nc6 6. Bb5 Bd7 7. Nxc6 Bxc6 8. Bxc6+ bxc6 9. O-O Be7 10. Re1 O-O 11. Bg5 h6 {C66: Ruy Lopez: Steinitz Defence.} 12. Bh4 Nd7 13. Bxe7 Qxe7 {[#] The position is equal.} 14. Qh5 $146 ({Predecessor:} 14. a3 Rfe8 15. f3 Qe5 16. Qd2 Rab8 17. b3 Qc5+ 18. Qe3 Qxe3+ 19. Rxe3 d5 20. Ree1 {½-½ (38) Kail,O (1362)-Feil,A (1164) Willingen 2018}) 14... Rab8 {[%cal Ba8b8,Bb8b4,Bb4d4][%mdl 32]} 15. b3 Nf6 16. Qh4 Qe5 17. Re3 Rfe8 18. Rae1 Rb4 19. a3 Rd4 20. f4 (20. f3 $11) 20... Qh5 ({Black should play} 20... Qc5 $17 {aiming for ...Rd2.} 21. b4 Qb6) 21. Qxh5 $14 Nxh5 22. g3 Rd2 23. R1e2 Rxe2 24. Rxe2 {[%mdl 4096] Endgame KRN-KRN} Nf6 25. Kf2 Nd7 26. Kf3 f6 27. Nd1 d5 (27... h5 $11 {remains equal.}) 28. exd5 $16 Rxe2 29. Kxe2 cxd5 {KN-KN} 30. Kd3 (30. Ne3 $142) 30... Kf7 31. Kd4 Ke6 {[#]} 32. b4 $1 Nb6 33. Nb2 (33. Nc3 $16) 33... Kd6 34. c4 (34. a4 $14) 34... dxc4 $11 35. Nxc4+ Kc6 $1 36. Ne3 g6 $2 {This costs Black the game.} (36... Kb5 $1 $11 {and Black stays safe.}) 37. Ng4 $18 Nd5 (37... Kb5 $142 38. Nxh6 (38. Nxf6 Nc4 $16) 38... Ka4) 38. Nxh6 g5 $2 (38... Ne7 39. g4 Kd7) 39. fxg5 fxg5 40. Nf7 g4 {[#]} 41. Ne5+ (41. b5+ $142 $1 {[%mdl 512]} Kxb5 42. Kxd5) 41... Kd6 42. Nxg4 Nb6 43. h4 Nd7 44. h5 Ke6 45. h6 {Black must now prevent h7.} Nf8 46. Kc5 Kf5 47. Ne3+ Ke4 48. Nd5 Ne6+ 49. Kc6 Ng5 50. Nxc7 {White mates.} Kf3 51. Kb7 a5 52. bxa5 Kxg3 53. a6 Ne4 54. a7 Nd6+ 55. Kc6 Nf5 56. a8=Q Nd4+ 57. Kd5 Nf5 58. Qg8+ Kf4 {[#]} 59. Qf7 $1 Kg4 {[#]} 60. Qxf5+ $1 {[%mdl 64] Promotion} Kxf5 61. h7 Kg6 62. h8=Q Kf7 63. Qh7+ Kf6 64. Qh6+ Kf5 65. Qd6 Kg4 66. a4 Kf3 67. a5 Ke3 68. a6 Kd3 69. a7 Kd2 70. a8=Q Kd3 71. Qac6 Ke3 72. Qg3+ Ke2 73. Qc4+ Kd2 74. Qgd3+ Ke1 75. Qcc3+ Kf2 76. Qdd2+ Kf1 77. Qcc1# {Accuracy: White = 77%, Black = 43%.} 1-0

[Event "Stay Safe Play From Home 309"]
[Site "Emanuel Lasker Arena"]
[Date "2020.07.16"]
[Round "4"]
[White "Lazieri3"]
[Black "Dukic"]
[Result "1-0"]
[WhiteElo "1970"]
[BlackElo "1874"]
[Annotator "TA"]
[PlyCount "99"]
[EventDate "2020.07.16"]
[EventType "swiss (blitz)"]

{[%evp 9,99,41,39,41,58,41,49,39,50,37,41,6,48,54,56,39,52,47,49,19,18,12,16,31,68,62,98,98,106,108,113,106,110,95,146,157,154,160,191,185,291,291,442,331,624,441,509,509,516,492,508,492,839,826,810,809,1133,1121,1035,301,313,224,206,-1756,-1747,-1944,-1873,-1995,-1937,-2412,-2400,-29990,-29991,-29991,-29992,-29992,-29993,-29993,-29994,-29994,-29994,-29994,-29994,-29994,-29995,-29998,-29997,-29997,-29997,-29997,-29997,-29997]} 1. e4 c6 2. d4 d6 3. c3 Nd7 4. Nf3 e5 5. Bd3 Ngf6 6. O-O {B07: Pirc Defence: Miscellaneous Systems.} Be7 7. h3 O-O 8. Re1 {White is slightly better.} Re8 9. Bg5 {[#]} h6 $146 ({Predecessor:} 9... Qc7 10. Nbd2 Nf8 11. Bh4 Nh5 12. Bg3 Nxg3 13. fxg3 Be6 14. Nc4 exd4 15. cxd4 d5 16. exd5 Bxd5 {0-1 (71) Kirchner,N (1967)-Fett,H (1769) Germany 2012}) 10. Bh4 Bf8 11. Nbd2 b6 12. a3 Bb7 13. Qc2 Qc7 14. Rad1 Nh5 15. Be2 Nf4 16. Bf1 g5 17. Bg3 Bg7 18. Nc4 {[%cal Bd2c4,Bc4e3,Be3f5][%mdl 32]} Re6 19. Ne3 Rae8 20. Nf5 Bf8 21. Nh2 (21. Qd2 {feels hotter.} Bc8 22. Bc4 Rg6 23. Bxf4 exf4 24. Qc2) 21... d5 (21... Rg6 $142) 22. exd5 $16 cxd5 {[#]} 23. dxe5 $1 Rxe5 24. Rxe5 Qxe5 (24... Nxe5 $142 25. Bxf4 gxf4) 25. Ng4 $18 Qh8 (25... Qe4 $142 26. Qxe4 (26. Nfxh6+ Bxh6 27. Qxe4 Rxe4 $18) 26... Rxe4) 26. Bb5 Rd8 $2 (26... Bc8 27. Bxf4 gxf4) 27. Qd2 Nc5 28. Bxf4 Ne4 29. Qc1 gxf4 30. Qxf4 h5 (30... Bc8 $142 31. Ng3 Bd6 32. Nxh6+ Kh7 33. Qxf7+ Qg7) 31. Nfh6+ Bxh6 32. Nxh6+ Kh7 33. Nxf7 {[%mdl 64] Double Attack} Qf8 34. Qf5+ $2 (34. Qc7) 34... Kg7 35. Qxh5 {Black must now prevent Bd3.} Qxf7 36. f3 $4 {[%mdl 8192]} (36. Qg4+ $18 Qg6 37. Qxg6+ Kxg6 38. Bd3) 36... Qxh5 $19 37. Bd3 Nf6 38. Re1 Qg5 39. Re7+ Kf8 40. Rxb7 Qe3+ {[%mdl 64] Double Attack. Black mates.} 41. Kh2 Qxd3 42. Rxa7 {[#]} Qd2 $1 43. Kg3 d4 44. cxd4 Rxd4 45. Ra8+ Kf7 46. Ra7+ Kg6 47. h4 Qf4+ 48. Kf2 Rd2+ 49. Kg1 {[#]} Qg3 $1 {[%csl Gd2][%cal Rg3g2]} 50. h5+ {[%mdl 32768] What a bad dream for White. Accuracy: White = 64%, Black = 49%. . Loss on time!?} 1-0

[Event "Stay Safe Play From Home 309"]
[Site "Emanuel Lasker Arena"]
[Date "2020.07.16"]
[Round "4"]
[White "Haris kollari 13"]
[Black "Sfantul321"]
[Result "1-0"]
[WhiteElo "1937"]
[BlackElo "1998"]
[Annotator "NA RC"]
[PlyCount "89"]
[EventDate "2020.07.16"]
[EventType "swiss (blitz)"]

1. e4 {[%emt 0:00:01]} g6 {[%emt 0:00:01]} 2. f4 {[%emt 0:00:01]} Bg7 {[%emt 0:00:01]} 3. d4 {[%emt 0:00:01]} d6 {[%emt 0:00:00]} 4. Nf3 {[%emt 0:00:01]} Nf6 {[%emt 0:00:00]} 5. Bd3 {[%emt 0:00:01]} O-O {[%emt 0:00:01]} 6. h3 {[%emt 0:00:02]} Nc6 {[%emt 0:00:02]} 7. c3 {[%emt 0:00:01]} Nh5 {[%emt 0:00:02]} 8. g4 {[%emt 0:00:04]} Nf6 {[%emt 0:00:05]} 9. Be3 {[%emt 0:00:02]} Nd7 {[%emt 0:00:02]} 10. Nbd2 {[%emt 0:00:01]} e6 {[%emt 0:00:01]} 11. Qc2 {[%emt 0:00:02]} a6 {[%emt 0:00:01]} 12. O-O-O {[%emt 0:00:01]} b5 {[%emt 0:00:01]} 13. Rdf1 {[%emt 0:00:02]} Nb6 {[%emt 0:00:03]} 14. h4 {[%emt 0:00:03]} b4 {[%emt 0:00:05]} 15. e5 {[%emt 0:00:12]} Nd5 {[%emt 0:00:03]} 16. Re1 {[%emt 0:00:03]} bxc3 {[%emt 0:00:02]} 17. bxc3 {[%emt 0:00:01]} Nxe3 {[%emt 0:00:02]} 18. Rxe3 {[%emt 0:00:01]} Ne7 {[%emt 0:00:01]} 19. Nb3 {[%emt 0:00:04]} Bb7 {[%emt 0:00:03]} 20. Rf1 {[%emt 0:00:02]} Rc8 {[%emt 0:00:04]} 21. h5 {[%emt 0:00:09]} Bd5 {[%emt 0:00:03]} 22. hxg6 {[%emt 0:00:04]} fxg6 {[%emt 0:00:03]} 23. Ng5 {[%emt 0:00:03]} dxe5 {[%emt 0:00:08]} 24. dxe5 {[%emt 0:00:09]} c5 {[%emt 0:00:06]} 25. c4 {[%emt 0:00:01]} h6 {[%emt 0:00:04]} 26. cxd5 {[%emt 0:00:10]} hxg5 {[%emt 0:00:01]} 27. d6 {[%emt 0:00:01]} Nd5 {[%emt 0:00:02]} 28. Ref3 {[%emt 0:00:03]} c4 {[%emt 0:00:02]} 29. Bxc4 {[%emt 0:00:03]} Nxf4 {[%emt 0:00:01]} 30. Rxf4 {[%emt 0:00:04]} Rxf4 {[%emt 0:00:02]} 31. Rxf4 {[%emt 0:00:01]} gxf4 {[%emt 0:00:00]} 32. Bxe6+ {[%emt 0:00:01]} Kf8 {[%emt 0:00:02]} 33. Qxc8 {[%emt 0:00:01]} Qxc8+ {[%emt 0:00:04]} 34. Bxc8 {[%emt 0:00:01]} Bxe5 {[%emt 0:00:00]} 35. d7 {[%emt 0:00:01]} Bc7 {[%emt 0:00:03]} 36. Nc5 {[%emt 0:00:01]} Ke7 {[%emt 0:00:03]} 37. Nxa6 {[%emt 0:00:01]} Bb6 {[%emt 0:00:02]} 38. Kd2 {[%emt 0:00:02]} Kf6 {[%emt 0:00:02]} 39. Ke2 {[%emt 0:00:02]} Kg5 {[%emt 0:00:01]} 40. Kf3 {[%emt 0:00:01]} Ba5 {[%emt 0:00:04]} 41. Nc5 {[%emt 0:00:01]} Kf6 {[%emt 0:00:04]} 42. Kxf4 {[%emt 0:00:01]} g5+ {[%emt 0:00:03]} 43. Ke4 {[%emt 0:00:01]} Ke7 {[%emt 0:00:02]} 44. Kf5 {[%emt 0:00:01]} Bd2 {[%emt 0:00:02]} 45. Ne4 {[%emt 0:00:01] Sfantul321 resigns (Lag: Av=0.34s, max=0.7s)} 1-0

[Event "Stay Safe Play From Home 309"]
[Site "Emanuel Lasker Arena"]
[Date "2020.07.16"]
[Round "4"]
[White "Oliverfab"]
[Black "DM1969"]
[Result "0-1"]
[WhiteElo "1798"]
[BlackElo "1962"]
[Annotator "NA RC"]
[PlyCount "58"]
[EventDate "2020.07.16"]
[EventType "swiss (blitz)"]
[WhiteTeam "SV Laatzen"]

{Fábregas, Oliver (1915)} 1. Nf3 {[%emt 0:00:01]} e6 {[%emt 0:00:01]} 2. g3 {[%emt 0:00:01]} d5 {[%emt 0:00:01]} 3. Bg2 {[%emt 0:00:01]} c5 {[%emt 0:00:00]} 4. d3 {[%emt 0:00:01]} Nc6 {[%emt 0:00:02]} 5. Nbd2 {[%emt 0:00:01]} Nf6 {[%emt 0:00:01]} 6. O-O {[%emt 0:00:01]} Be7 {[%emt 0:00:03]} 7. e4 {[%emt 0:00:02]} d4 {[%emt 0:00:01]} 8. a4 {[%emt 0:00:02]} b6 {[%emt 0:00:02]} 9. Re1 {[%emt 0:00:02]} Bb7 {[%emt 0:00:01]} 10. e5 {[%emt 0:00:02]} Nd7 {[%emt 0:00:01]} 11. Nc4 {[%emt 0:00:02]} O-O {[%emt 0:00:02]} 12. h4 {[%emt 0:00:03]} a6 {[%emt 0:00:04]} 13. Bf4 {[%emt 0:00:02]} b5 {[%emt 0:00:01]} 14. axb5 {[%emt 0:00:03]} axb5 {[%emt 0:00:01]} 15. Nd6 {[%emt 0:00:02]} Bxd6 {[%emt 0:00:05]} 16. exd6 {[%emt 0:00:01]} Rxa1 {[%emt 0:00:07]} 17. Qxa1 {[%emt 0:00:02]} Nb4 {[%emt 0:00:02]} 18. Re2 {[%emt 0:00:10]} Bd5 {[%emt 0:00:06]} 19. Ng5 {[%emt 0:00:11]} Bxg2 {[%emt 0:00:06]} 20. Kxg2 {[%emt 0:00:01]} Nd5 {[%emt 0:00:03]} 21. Qa6 {[%emt 0:00:15]} h6 {[%emt 0:00:04]} 22. Ne4 {[%emt 0:00:02]} Nxf4+ {[%emt 0:00:06]} 23. gxf4 {[%emt 0:00:01]} Qxh4 {[%emt 0:00:01]} 24. Qxb5 {[%emt 0:00:07]} Qg4+ {[%emt 0:00:13]} 25. Ng3 {[%emt 0:00:07]} Nf6 {[%emt 0:00:09]} 26. Qxc5 {[%emt 0:00:04]} Nd5 {[%emt 0:00:01]} 27. Re4 {[%emt 0:00:12]} f5 {[%emt 0:00:07]} 28. Rxd4 {[%emt 0:00:02]} Nxf4+ {[%emt 0:00:07]} 29. Kf1 {[%emt 0:00:06]} Qd1# {[%emt 0:00:02] (Lag: Av=0.76s, max=1.0s)} 0-1

[Event "Stay Safe Play From Home 309"]
[Site "Emanuel Lasker Arena"]
[Date "2020.07.16"]
[Round "4"]
[White "Timbre"]
[Black "Klasman"]
[Result "0-1"]
[WhiteElo "1553"]
[BlackElo "1518"]
[Annotator "NA RC"]
[PlyCount "38"]
[EventDate "2020.07.16"]
[EventType "swiss (blitz)"]

1. d4 {[%emt 0:00:09]} f5 {[%emt 0:01:57]} 2. Nf3 {[%emt 0:00:13]} Nf6 {[%emt 0:00:01]} 3. Bf4 {[%emt 0:00:05]} e6 {[%emt 0:00:01]} 4. e3 {[%emt 0:00:01]} d5 {[%emt 0:00:01]} 5. c3 {[%emt 0:00:01]} Bd6 {[%emt 0:00:03]} 6. Bg3 {[%emt 0:00:02]} Bxg3 {[%emt 0:00:02]} 7. hxg3 {[%emt 0:00:02]} Nc6 {[%emt 0:00:02]} 8. Qc2 {[%emt 0:00:01]} Bd7 {[%emt 0:00:01]} 9. a3 {[%emt 0:00:01]} Qe7 {[%emt 0:00:03]} 10. Be2 {[%emt 0:00:03]} Ne4 {[%emt 0:00:02]} 11. Nbd2 {[%emt 0:00:03]} g5 {[%emt 0:00:01]} 12. Nxe4 {[%emt 0:00:03]} fxe4 {[%emt 0:00:02]} 13. Nd2 {[%emt 0:00:01]} Qf6 {[%emt 0:00:07]} 14. Bh5+ {[%emt 0:00:05]} Ke7 {[%emt 0:00:02]} 15. Bg4 {[%emt 0:00:04]} Raf8 {[%emt 0:00:02]} 16. O-O {[%emt 0:00:05]} h5 {[%emt 0:00:02]} 17. Be2 {[%emt 0:00:03]} h4 {[%emt 0:00:04]} 18. f3 {[%emt 0:00:01]} hxg3 {[%emt 0:00:05]} 19. fxe4 {[%emt 0:00:02]} Qh6 {[%emt 0:00:01] Timbre resigns (Lag: Av=0.34s, max=0.4s)} 0-1

[Event "Stay Safe Play From Home 309"]
[Site "Emanuel Lasker Arena"]
[Date "2020.07.16"]
[Round "5"]
[White "Lazieri3"]
[Black "Greblha"]
[Result "1-0"]
[WhiteElo "1982"]
[BlackElo "2020"]
[Annotator "TA"]
[PlyCount "165"]
[EventDate "2020.07.16"]
[EventType "swiss (blitz)"]

{[%evp 15,164,31,61,33,52,15,52,52,62,54,97,90,90,7,9,11,2,0,8,0,36,8,29,5,7,-18,0,-8,0,0,0,0,0,-37,0,-14,0,-5,-5,-5,-5,-5,-5,-23,29,31,114,115,137,144,237,194,195,212,221,0,128,0,207,175,328,281,346,336,331,272,271,8,272,173,170,150,220,237,221,243,174,121,153,122,116,125,116,132,431,420,1390,1170,1508,1501,1794,1783,1638,1579,1318,1139,606,606,5596,604,5112,2722,1043,443,29958,5612,29967,29974,29976,29976,29976,29977,29977,29978,29977,29950,5097,0,29975,29976,29987,29984,29984,29978,29983,29979,29981,29979,29981,29981,29985,29986,29986,29987,29989,29990,29991,29992,29992,29993,29993,29994,29995,29996,29996,29996,29997,29998,29998,29999,29999]} 1. e4 c6 2. Nc3 d5 3. d4 dxe4 4. Nxe4 Nf6 5. Nxf6+ gxf6 6. Nf3 Bg4 7. Be2 e6 8. h3 Bh5 9. c3 {B16: Caro-Kann: Bronstein-Larsen Variation.} Bd6 10. Be3 Qc7 11. Nd2 {White is slightly better.} Bxe2 12. Qxe2 {[#]} Bf4 $146 ({Predecessor:} 12... Nd7 13. O-O-O O-O-O 14. Kb1 f5 15. Nc4 Rhg8 16. g4 f4 17. Nxd6+ Qxd6 18. Bc1 Rge8 {1-0 (34) Nikitinyh,B (2229)-Kaneyama,M (1956) St Petersburg 2010}) 13. Bxf4 Qxf4 14. Qf3 ({White should try} 14. Qg4 $16 Qh6 15. Qg3) 14... Qxf3 $11 15. Nxf3 Nd7 16. O-O-O Ke7 17. g3 f5 18. Rhe1 Kf6 19. Ne5 Nxe5 20. Rxe5 {[%mdl 4096] Endgame KRR-KRR} Rad8 21. Rde1 Rd5 22. Rxd5 cxd5 {KR-KR} 23. Kd2 h5 24. h4 Rc8 25. Ke3 b5 26. Rc1 a5 27. a3 b4 28. axb4 axb4 29. Kd3 Ke7 ({Better is} 29... bxc3 30. bxc3 Rb8) 30. c4 Kd6 (30... Kd7 $14) 31. c5+ $16 Kc6 32. Ra1 Rc7 (32... Rg8 $16 {was worth a try.}) 33. Ra6+ Kb5 34. Rb6+ Ka5 35. f4 $2 (35. b3 $18) 35... Ra7 {[#]} (35... Rc8 $11 {keeps the balance.}) 36. Kc2 ({White must play} 36. b3 $1 $16) 36... Ka4 $2 (36... Ra8 $1 $11) 37. Rb8 $18 Ka5 $2 (37... f6 {was called for.}) 38. Kb3 f6 {intending ...Rg7.} 39. Rxb4 {Strongly threatening Ra4+.} Rg7 40. Rb6 Rxg3+ {[#]} 41. Ka2 $2 (41. Kc2 $1 $18) 41... Rg4 $2 {[%mdl 8192]} (41... Rd3 $1 $11 {and Black has nothing to worry.}) 42. Ka3 {[%csl Ga3,Gb6][%cal Rb2b4]} ({Inferior is} 42. Rxe6 Rxh4 43. Rxf6 Rxf4 $15) 42... Rg3+ 43. b3 Rf3 (43... Re3 $16 44. Kb2 Re4) 44. Rxe6 Rxf4 45. Rb6 {[%csl Ga3,Gb6][%cal Rb3b4]} (45. Rxf6 Rxd4 46. Rb6 (46. Rxf5 Rxh4 47. Rxd5 Kb5 $11) 46... Rd3 $11) 45... Rf3 46. Rd6 (46. Rxf6 $18 Rf1 47. Rf8) 46... f4 47. Rxd5 Rd3 48. Rxh5 {Hoping for d5.} Rxd4 49. Rf5 Kb5 $2 {[%mdl 8192]} (49... f3 $16) 50. h5 f3 {[#]} (50... Re4 $142 51. Kb2 (51. Rxf6 Kxc5 52. h6 Re3 $16) 51... f3 52. Rxf3 Kxc5) 51. c6+ $1 {[%mdl 576] Decoy} Kxc6 52. Rxf6+ Kb5 53. Rxf3 Rh4 54. Rf5+ Kb6 55. Rg5 Rh1 56. Ka4 Ra1+ 57. Kb4 Rh1 58. Rg6+ Kc7 59. Rh6 (59. h6 $142 Rh3 60. Kc5 Rh5+ 61. Kc4) 59... Kb7 (59... Rf1 $18 60. Kb5 Rf5+ 61. Ka4 Rf7) 60. Kb5 Rh4 61. Rh7+ Ka8 62. b4 Rf4 63. Ka5 Rf1 64. b5 Kb8 65. Kb6 Rf6+ 66. Ka5 (66. Kc5 $18 Rf5+ 67. Kb6 Rf6+ 68. Ka5) 66... Rf1 $1 67. Ka6 {White mates.} Ra1+ 68. Kb6 {[%cal Rh7h8]} Kc8 69. Rh8+ Kd7 70. Kb7 Rf1 71. b6 Rf7 72. Rc8 Kd6+ 73. Rc7 Rf5 74. h6 Rh5 75. h7 Ke6 76. Kc8 Rh6 77. b7 Rh1 78. b8=Q Kf5 79. Rc5+ Ke4 80. Qe5+ Kd3 81. Rc3+ Kd2 82. Qe3+ Kd1 83. Rc1# {Accuracy: White = 75%, Black = 55%.} 1-0

[Event "Stay Safe Play From Home 309"]
[Site "Emanuel Lasker Arena"]
[Date "2020.07.16"]
[Round "5"]
[White "DM1969"]
[Black "Dukic"]
[Result "1-0"]
[WhiteElo "1972"]
[BlackElo "1862"]
[Annotator "NA RC"]
[PlyCount "93"]
[EventDate "2020.07.16"]
[EventType "swiss (blitz)"]

1. d4 {[%emt 0:00:02]} c6 {[%emt 0:00:01]} 2. e4 {[%emt 0:00:04]} d6 {[%emt 0:00:01]} 3. Nf3 {[%emt 0:00:02]} Bg4 {[%emt 0:00:03]} 4. Be2 {[%emt 0:00:02]} Nd7 {[%emt 0:00:02]} 5. Be3 {[%emt 0:00:02]} e5 {[%emt 0:00:02]} 6. c3 {[%emt 0:00:02]} Ngf6 {[%emt 0:00:03]} 7. Nbd2 {[%emt 0:00:02]} Be7 {[%emt 0:00:01]} 8. Qc2 {[%emt 0:00:02]} O-O {[%emt 0:00:01]} 9. Rd1 {[%emt 0:00:02]} Re8 {[%emt 0:00:01]} 10. O-O {[%emt 0:00:02]} Qc7 {[%emt 0:00:04]} 11. a3 {[%emt 0:00:05]} Bh5 {[%emt 0:00:01]} 12. h3 {[%emt 0:00:06]} h6 {[%emt 0:00:03]} 13. b4 {[%emt 0:00:05]} Bg6 {[%emt 0:00:02]} 14. Bd3 {[%emt 0:00:02]} Nh5 {[%emt 0:00:11]} 15. Rfe1 {[%emt 0:00:03]} Bf6 {[%emt 0:00:04]} 16. Bc4 {[%emt 0:00:03]} Rad8 {[%emt 0:00:03]} 17. a4 {[%emt 0:00:02]} exd4 {[%emt 0:00:05]} 18. cxd4 {[%emt 0:00:07]} d5 {[%emt 0:00:01]} 19. Bxd5 {[%emt 0:00:02]} Qb6 {[%emt 0:00:10]} 20. Bb3 {[%emt 0:00:09]} Qxb4 {[%emt 0:00:09]} 21. Qa2 {[%emt 0:00:03]} Be7 {[%emt 0:00:18]} 22. Rb1 {[%emt 0:00:21]} Qd6 {[%emt 0:00:05]} 23. e5 {[%emt 0:00:02]} Qc7 {[%emt 0:00:01]} 24. Rbc1 {[%emt 0:00:05]} Nf8 {[%emt 0:00:22]} 25. g4 {[%emt 0:00:10]} Qd7 {[%emt 0:00:18]} 26. gxh5 {[%emt 0:00:03]} Bxh5 {[%emt 0:00:04]} 27. e6 {[%emt 0:00:07]} Nxe6 {[%emt 0:00:03]} 28. Bxe6 {[%emt 0:00:04]} fxe6 {[%emt 0:00:02]} 29. Ne5 {[%emt 0:00:02]} Qd5 {[%emt 0:00:05]} 30. Qxd5 {[%emt 0:00:03]} exd5 {[%emt 0:00:01]} 31. Ndf3 {[%emt 0:00:03]} Bf6 {[%emt 0:00:02]} 32. Bf4 {[%emt 0:00:01]} Re6 {[%emt 0:00:03]} 33. Bg3 {[%emt 0:00:02]} Rde8 {[%emt 0:00:01]} 34. Ng4 {[%emt 0:00:02]} Rxe1+ {[%emt 0:00:07]} 35. Rxe1 {[%emt 0:00:02]} Rxe1+ {[%emt 0:00:01]} 36. Nxe1 {[%emt 0:00:01]} Bxd4 {[%emt 0:00:00]} 37. Nf3 {[%emt 0:00:02]} Bc3 {[%emt 0:00:02]} 38. Kg2 {[%emt 0:00:02]} Be8 {[%emt 0:00:03]} 39. Be5 {[%emt 0:00:01]} Bb4 {[%emt 0:00:02]} 40. Nh4 {[%emt 0:00:03]} c5 {[%emt 0:00:02]} 41. Nf5 {[%emt 0:00:01]} Bxa4 {[%emt 0:00:02]} 42. Ne7+ {[%emt 0:00:01]} Kf7 {[%emt 0:00:02]} 43. Nxd5 {[%emt 0:00:00]} Ba3 {[%emt 0:00:03]} 44. Nde3 {[%emt 0:00:01]} b5 {[%emt 0:00:01]} 45. Ba1 {[%emt 0:00:01]} c4 {[%emt 0:00:02]} 46. Ne5+ {[%emt 0:00:01]} Ke6 {[%emt 0:00:01]} 47. Nc6 {[%emt 0:00:01] (Lag: Av=0.78s, max=1.0s)} 1-0

[Event "Stay Safe Play From Home 309"]
[Site "Emanuel Lasker Arena"]
[Date "2020.07.16"]
[Round "5"]
[White "Buzaglo"]
[Black "Haris kollari 13"]
[Result "1-0"]
[WhiteElo "1816"]
[BlackElo "1957"]
[Annotator "NA RC"]
[PlyCount "77"]
[EventDate "2020.07.16"]
[EventType "swiss (blitz)"]

1. d4 {[%emt 0:00:02]} e6 {[%emt 0:00:01]} 2. Nf3 {[%emt 0:00:01]} d5 {[%emt 0:00:01]} 3. g3 {[%emt 0:00:00]} c5 {[%emt 0:00:01]} 4. Bg2 {[%emt 0:00:00]} Nc6 {[%emt 0:00:01]} 5. O-O {[%emt 0:00:01]} Bd7 {[%emt 0:00:01]} 6. c3 {[%emt 0:00:01]} f5 {[%emt 0:00:01]} 7. Bg5 {[%emt 0:00:04]} Nf6 {[%emt 0:00:02]} 8. Nbd2 {[%emt 0:00:02]} Be7 {[%emt 0:00:01]} 9. Bf4 {[%emt 0:00:01]} h6 {[%emt 0:00:02]} 10. Be5 {[%emt 0:00:02]} g5 {[%emt 0:00:05]} 11. Bxf6 {[%emt 0:00:10]} Bxf6 {[%emt 0:00:01]} 12. dxc5 {[%emt 0:00:01]} Qe7 {[%emt 0:00:05]} 13. b4 {[%emt 0:00:02]} h5 {[%emt 0:00:02]} 14. Nb3 {[%emt 0:00:06]} Bxc3 {[%emt 0:00:02]} 15. Rc1 {[%emt 0:00:02]} Bf6 {[%emt 0:00:04]} 16. b5 {[%emt 0:00:01]} Nd8 {[%emt 0:00:06]} 17. Nbd4 {[%emt 0:00:06]} O-O {[%emt 0:00:04]} 18. c6 {[%emt 0:00:03]} bxc6 {[%emt 0:00:02]} 19. bxc6 {[%emt 0:00:00]} Bc8 {[%emt 0:00:01]} 20. c7 {[%emt 0:00:04]} Nf7 {[%emt 0:00:05]} 21. Nb5 {[%emt 0:00:02]} a6 {[%emt 0:00:09]} 22. Nbd4 {[%emt 0:00:06]} g4 {[%emt 0:00:11]} 23. Ne1 {[%emt 0:00:04]} Nd6 {[%emt 0:00:08]} 24. Nd3 {[%emt 0:00:12]} Nc4 {[%emt 0:00:02]} 25. Nf4 {[%emt 0:00:08]} h4 {[%emt 0:00:06]} 26. Ng6 {[%emt 0:00:03]} Qxc7 {[%emt 0:00:04]} 27. Nxf8 {[%emt 0:00:01]} hxg3 {[%emt 0:00:01]} 28. hxg3 {[%emt 0:00:04]} Kxf8 {[%emt 0:00:02]} 29. Qd3 {[%emt 0:00:15]} Kg7 {[%emt 0:00:03]} 30. Nxf5+ {[%emt 0:00:11]} exf5 {[%emt 0:00:01]} 31. Bxd5 {[%emt 0:00:01]} Ne5 {[%emt 0:00:03]} 32. Rxc7+ {[%emt 0:00:03]} Kg6 {[%emt 0:00:03]} 33. Qc2 {[%emt 0:00:08]} Rb8 {[%emt 0:00:20]} 34. Rxc8 {[%emt 0:00:06]} Rb5 {[%emt 0:00:01]} 35. Bb3 {[%emt 0:00:05]} a5 {[%emt 0:00:07]} 36. Rg8+ {[%emt 0:00:08]} Bg7 {[%emt 0:00:02]} 37. Qc7 {[%emt 0:00:04]} a4 {[%emt 0:00:09]} 38. Qxg7+ {[%emt 0:00:02]} Kh5 {[%emt 0:00:01]} 39. Qg5# {[%emt 0:00:02] (Lag: Av=0.50s, max=0.9s) Haris kollari 13 resigns} 1-0